Fiscalía Nacional de Quiebras: boletín informativo n§69

Tallennettuna:
Bibliografiset tiedot
Aineistotyyppi: Kirja
Kieli:espanja
Julkaistu: Santiago Fiscalía Nacional de Quiebras 2002
Aiheet:
Tagit: Lisää tagi
Ei tageja, Lisää ensimmäinen tagi!

MARC

LEADER 00000nam a2200000 a 4500
001 UCM3323
003 CL-VaPUC
008 020705e20020300CL |||||||||||||||||spa|d
082 0 4 |a 346.078  |b FIS  |2 21 
245 1 0 |a Fiscalía Nacional de Quiebras: boletín informativo n§69 
300 |a 33 p 
942 |c BK 
945 |d 20020705 00:00:00  |a vberengu 
260 |a Santiago  |b Fiscalía Nacional de Quiebras  |c 2002 
650 0 |a Quiebra  |9 255386 
583 |a last modification  |c 20020705 00:00:00  |k Rodrigo Vera 
999 |c 300697  |d 300695 
952 |0 0  |1 0  |2 ddc  |4 0  |6 346_078000000000000_FIS_2002  |7 0  |8 A  |9 358878  |a BIBDER  |b BIBDER  |d 2019-11-21  |i 3825507  |o 346.078 FIS 2002  |p 3825507  |r 2023-01-25  |w 2019-11-21  |y MX  |k DER